000
00321nam a22001337a 4500
008
170525b xxu||||| |||| 00| 0 eng d
020
_a
3540157352
041
_a
ger
080
_a
621.3
100
_a
26
101
_a
IM
245
_a
SIMULATION ELEKTRISCHER SCHALTUNGEN AUF DEM RECHNER
_c
HORNEBER,E.H
942
_2
udc
_c
BK
999
_c
14240
_d
14240